000 00303nam a22001337a 4500
008 170621b xxu||||| |||| 00| 0 eng d
020 _a9780813323763
041 _aeng
080 _a32
100 _a20
101 _aSHP
245 _aTHE U.S INTELLIGENCE COMMUNITY
_cRICHELSON, J.T
942 _2udc
_cBK
999 _c18519
_d18519